00410cam a2200157ua 45000010005000000080039000050400009000440820012000531000036000652450053001012500009001542600038001633000017002016530015002186530019002331427110708n ii |||gr||||Z||||||eng cMAIN a338.9541 aBhattarchayya, Diresh,eAuthor.1 aIndias five year planscby Dhiresh Bhattacharyya a3rd. aCulcutta:bUdayan Granthagar,958. a154p:c23cm. aEconomics  aFive Year plan